Visión actuarial del beneficio de auxilio de cesantía /
Guardado en:
| Autor principal: | |
|---|---|
| Formato: | Texto |
| Etiquetas: |
Agregar Etiqueta
Sin Etiquetas, Sea el primero en etiquetar este registro!
|
MARC
| LEADER | 00000 a a2200000 04500 | ||
|---|---|---|---|
| 001 | 3076 | ||
| 003 | |||
| 040 | |||
| 100 | |a Boraschi B., Olman | ||
| 245 | |a Visión actuarial del beneficio de auxilio de cesantía / |c Olman Boraschi B. | ||
| 773 | |g volumen 4, número 2; páginas 99-105 | ||
| 999 | |c 32160 |d 32160 | ||
